Curso elemental de historia de España (Record no. 151409)

MARC details
000 -LEADER
campo de control de longitud fija 00723nam a22001935i 4500
001 - NÚMERO DE CONTROL
campo de control 151409
003 - IDENTIFICADOR DE NÚMERO DE CONTROL
campo de control ES-MaACL
005 - FECHA Y HORA DE LA ÚLTIMA TRANSACCIÓN
campo de control 20230906204012.0
008 - DATOS DE LONGITUD FIJA--INFORMACIÓN GENERAL
campo de control de longitud fija 950206s1867 sp |||| | spa d
040 ## - FUENTE DE CATALOGACIÓN
Centro catalogador/agencia de origen CLM
Lengua de catalogación spa
Centro/agencia transcriptor CCPB | PA2
100 1# - ENTRADA PRINCIPAL--NOMBRE DE PERSONA
Nombre de persona Alermón y Dorréguiz.
9 (RLIN) 168104
245 10 - MENCIÓN DEL TÍTULO
Título Curso elemental de historia de España
Resto del título : para uso de los institutos y seminarios... /
Mención de responsabilidad, etc. por Bernardo Monreal y Ascaso...
260 ## - PUBLICACIÓN, DISTRIBUCIÓN, ETC.
Lugar de publicación, distribución, etc. Madrid :
Nombre del editor, distribuidor, etc. se hallará en casa de Agustin Jubera,
Fecha de publicación, distribución, etc. 1867 (
Fabricante Imp. y estereotipia de M. Rivadeneyra...)
300 ## - DESCRIPCIÓN FÍSICA
Extensión 428 p. ;
Dimensiones 20 cm.
651 #4 - PUNTO DE ACCESO ADICIONAL DE MATERIA--NOMBRE GEOGRÁFICO
Nombre geográfico España-
Subdivisión general Historia-
Subdivisión cronológica Hasta 1814.
9 (RLIN) 221651
752 ## - ENTRADA AGREGADA--NOMBRE JERÁRQUICO DEL LUGAR
País o entidad superior España -
Ciudad , Madrid
852 ## - LOCALIZACIÓN
Ubicación ES-MaACL
Número de control de estantería G-101
Nota libre -- Enc. hol.
Holdings
Estatus retirado Estado de pérdida Estado de daño No para préstamo Colección Biblioteca de origen Biblioteca actual Ubicación en estantería Fecha de adquisición Fuente de adquisición Total de préstamos Signatura topográfica completa Código de barras Visto por última vez Precio de reemplazo Tipo de ítem Koha
        Libros del s. XIX Biblioteca del Ateneo de Madrid Biblioteca del Ateneo de Madrid Depósito 2 17/01/2008     G-101 1157974 23/02/2023 23/02/2023 Libro impreso antiguo